Two New neo-clerodane Diterpenes from Scutellaria galericulata

Elmentve itt :
Bibliográfiai részletek
Szerzők: Nicolova Katia
Kúsz Norbert
Hohmann Judit
Naydenov Mladen
Bozov Petko
Dokumentumtípus: Cikk
Megjelent: 2018
Sorozat:KHIMIYA PRIRODNYKH SOEDINENII 54 No. 1
doi:10.1007/s10600-018-2263-9

mtmt:3295988
Online Access:http://publicatio.bibl.u-szeged.hu/13067
LEADER 00815nab a2200241 i 4500
001 publ13067
005 20200117114201.0
008 180307s2018 hu o 0|| zxx d
022 |a 0023-1150 
024 7 |a 10.1007/s10600-018-2263-9  |2 doi 
024 7 |a 3295988  |2 mtmt 
040 |a SZTE Publicatio Repozitórium  |b hun 
041 |a zxx 
100 1 |a Nicolova Katia 
245 1 0 |a Two New neo-clerodane Diterpenes from Scutellaria galericulata  |h [elektronikus dokumentum] /  |c  Nicolova Katia 
260 |c 2018 
300 |a 77-80 
490 0 |a KHIMIYA PRIRODNYKH SOEDINENII  |v 54 No. 1 
700 0 1 |a Kúsz Norbert  |e aut 
700 0 1 |a Hohmann Judit  |e aut 
700 0 1 |a Naydenov Mladen  |e aut 
700 0 1 |a Bozov Petko  |e aut 
856 4 0 |u http://publicatio.bibl.u-szeged.hu/13067/1/10.10072Fs10600_018_2263_9dd_u.pdf  |z Dokumentum-elérés